|
|
|
|
| LEADER |
01158nam a2200313 a 4500 |
| 001 |
31529 |
| 003 |
BD-DhAAL |
| 005 |
20170105115457.0 |
| 008 |
170105s1999 nyua 000 0 eng |
| 010 |
|
|
|a 98033346
|
| 020 |
|
|
|a 9780143118442 (this pbk.)
|
| 020 |
|
|
|a 01402.8852X (previous pbk.)
|
| 020 |
|
|
|a 0670883395 (alk. paper)
|
| 040 |
|
|
|a DLC
|c DLC
|d DLC
|d BD-DhAAL
|
| 050 |
0 |
0 |
|a BF637.C45
|b S78 1999
|
| 082 |
0 |
0 |
|a 158.2
|2 21
|
| 100 |
1 |
|
|a Stone, Douglas,
|d 1958-
|9 20883
|
| 245 |
1 |
0 |
|a Difficult conversations :
|b how to discuss what matters most /
|c Douglas Stone, Bruce Patton, Sheila Heen.
|
| 260 |
|
|
|a New York, N.Y. :
|b Viking,
|c 1999.
|
| 300 |
|
|
|a xxxiii, 315 p. :
|b ill. ;
|c 22 cm.
|
| 526 |
|
|
|a BIGD
|
| 541 |
|
|
|e 31529
|
| 650 |
|
0 |
|a Interpersonal communication.
|9 20884
|
| 650 |
|
0 |
|a Interpersonal communication
|x Case studies.
|9 20885
|
| 700 |
1 |
|
|a Patton, Bruce.
|9 20886
|
| 700 |
1 |
|
|a Heen, Sheila.
|9 20887
|
| 942 |
|
|
|2 ddc
|c BK
|
| 999 |
|
|
|c 37918
|d 37918
|
| 952 |
|
|
|0 0
|1 0
|2 ddc
|4 0
|6 158_200000000000000_STO
|7 0
|9 59890
|a IGS
|b IGS
|c GEN
|d 2016-09-26
|e Riza Enterprises
|g 1100.00
|l 2
|m 11
|o 158.2 STO
|p 3010031529
|r 2020-01-19
|s 2020-01-15
|t 1
|v 1100.00
|w 2016-09-26
|y BK
|